| Tag |
First Indicator |
Second Indicator |
Subfields |
| LEADER |
00000cam a2200000Ii 4500 |
| 001 |
in00003477921 |
| 006 |
m o d |
| 007 |
cr cnu---unuuu |
| 008 |
140227s2014 mdua ob 000 0 eng d |
| 005 |
20250816204500.5 |
| 020 |
|
|
|z 9781442232426
|
| 020 |
|
|
|z 1442232420
|
| 020 |
|
|
|z 1442232439
|
| 020 |
|
|
|z 9781442232433
|
| 020 |
|
|
|a 9781442232440 (electronic bk.)
|
| 035 |
|
|
|a (OCoLC)ocn871176584
|
| 035 |
|
|
|a (OCoLC)871176584
|
| 040 |
|
|
|a N$T
|b eng
|e rda
|e pn
|c N$T
|d IDEBK
|d EBLCP
|d YDXCP
|d MHW
|d E7B
|d TXA
|d UtOrBLW
|
| 043 |
|
|
|a n-us---
|
| 049 |
|
|
|a TXAM
|
| 050 |
|
4 |
|a JK723.E9
|b L394 2014eb
|
| 072 |
|
7 |
|a POL
|x 008000
|2 bisacsh
|
| 072 |
|
7 |
|a POL
|x 016000
|2 bisacsh
|
| 082 |
0 |
4 |
|a 324.2736
|2 23
|
| 100 |
1 |
|
|a Lawrence, Paul R.,
|d 1956-
|e author.
|
| 245 |
1 |
0 |
|a What government does :
|b how political executives manage /
|c Paul R. Lawrence, Mark A. Abramson.
|
| 264 |
|
1 |
|a Lanham :
|b Rowman & Littlefield Publishers, Inc.,
|c [2014]
|
| 300 |
|
|
|a 1 online resource (196 pages) :
|b illustrations
|
| 336 |
|
|
|a text
|b txt
|2 rdacontent
|
| 337 |
|
|
|a computer
|b c
|2 rdamedia
|
| 338 |
|
|
|a online resource
|b cr
|2 rdacarrier
|
| 504 |
|
|
|a Includes bibliographical references.
|
| 520 |
|
|
|a To understand the challenges of political leadership and how top executives succeed in accomplishing an Administration's objectives, business-in-government experts Paul R. Lawrence and Mark A. Abramson present the findings of a four-year study of top political appointees in the Obama Administration. The 42 participants -- Deputy Secretaries and agency heads -- provide case studies of how each approaches the management challenges and achieve the mission of their organization. Full of behind-the-scenes insights and practical advice from government political executives on how they face management challenges in real time, What Government Does: How Political Executives Manage offers indispensable insights to current and prospective political appointees and everyone interested in understanding how leaders make government agencies more effective. The new book, a follow-up to their previous book, Paths to Making a Difference: Leading in Government, presents an insightful framework of what government does. Instead of thinking about government by policy area, the authors present an alternative approach in which government executives are categorized by the type of agency they are managing. The book includes chapters on Deputy Secretaries, producers, regulators, infrastructors, scientists, and collaborators.
|
| 588 |
|
|
|a Description based on print version record.
|
| 650 |
|
0 |
|a Government executives
|z United States.
|
| 650 |
|
0 |
|a Political leadership
|z United States.
|
| 650 |
|
7 |
|a POLITICAL SCIENCE / Political Process / Elections.
|2 bisacsh
|
| 650 |
|
7 |
|a POLITICAL SCIENCE / Political Process / General.
|2 bisacsh
|
| 655 |
|
7 |
|a Electronic books.
|2 local
|
| 710 |
2 |
|
|a Ebook Library.
|
| 700 |
1 |
|
|a Abramson, Mark A.,
|d 1947-
|e author.
|
| 776 |
0 |
8 |
|i Print version:
|a Abramson, Mark A., 1947- author.
|t What government does
|z 9781442232426
|w (OCoLC)870978454
|
| 856 |
4 |
0 |
|u https://ebookcentral.proquest.com/lib/tamucs/detail.action?docID=1637324
|y Connect to the full text of this electronic book
|t 0
|
| 948 |
|
|
|a cataloged
|b h
|c 2014/6/17
|d c
|e cproctor
|f 10:00:18 AM
|
| 994 |
|
|
|a C0
|b TXA
|
| 999 |
f |
f |
|s ba317ed5-f560-3ada-8f91-d0a24dd5e59b
|i a3ad0e08-382f-3835-a342-41b534500cdb
|t 0
|
| 999 |
|
|
|a MARS
|
| 952 |
f |
f |
|a Texas A&M University
|b College Station
|c Electronic Resources
|d Available Online
|t 0
|e JK723.E9 L394 2014eb
|h Library of Congress classification
|
| 998 |
f |
f |
|a JK723.E9 L394 2014eb
|t 0
|l Available Online
|